[Event "M?R 2020 v rapid ?achu druzstev"]
[Site "Turnov"]
[Date "2020.09.13"]
[Round "1.1"]
[White "Vykouk TUR_A, Jan"]
[Black "Kusa MOR_B, Jakub"]
[Result "1-0"]
[BlackElo "1899"]
[WhiteElo "2444"]
[LiveChessVersion "1.4.8"]

1. e4 {[%clk 0:15:08]} e5 {[%clk 0:15:08]} 2. Nf3 {[%clk 0:15:11]} Nc6
{[%clk 0:15:11]} 3. Bc4 {[%clk 0:15:14]} Bc5 {[%clk 0:15:13]} 4. c3
{[%clk 0:15:08]} Nf6 {[%clk 0:15:16]} 5. d4 {[%clk 0:15:05]} exd4
{[%clk 0:15:15]} 6. O-O {[%clk 0:15:08]} Nxe4 {[%clk 0:14:42]} 7. cxd4
{[%clk 0:15:11]} Be7 {[%clk 0:14:16]} 8. d5 {[%clk 0:15:14]} Nb8 {[%clk 0:13:42]}
9. Re1 {[%clk 0:14:47]} Nd6 {[%clk 0:13:28]} 10. Bd3 {[%clk 0:14:35]} O-O
{[%clk 0:13:09]} 11. Nc3 {[%clk 0:14:38]} Bf6 {[%clk 0:12:57]} 12. Bf4
{[%clk 0:14:40]} b6 {[%clk 0:12:10]} 13. Qc2 {[%clk 0:12:47]} g6 {[%clk 0:11:46]}
14. a3 {[%clk 0:08:12]} Ba6 {[%clk 0:11:00]} 15. Rac1 {[%clk 0:07:27]} Bxd3
{[%clk 0:10:20]} 16. Qxd3 {[%clk 0:07:31]} a5 {[%clk 0:09:48]} 17. Ne4
{[%clk 0:05:43]} Be7 {[%clk 0:09:26]} 18. Bh6 {[%clk 0:04:59]} Re8
{[%clk 0:08:37]} 19. Nxd6 {[%clk 0:03:55]} cxd6 {[%clk 0:07:37]} 20. Qd4
{[%clk 0:03:18]} f6 {[%clk 0:04:56]} 21. Re3 {[%clk 0:01:22]} Bf8
{[%clk 0:04:08]} 22. Rxe8 {[%clk 0:01:21]} Qxe8 {[%clk 0:04:11]} 23. Bxf8
{[%clk 0:01:17]} Qxf8 {[%clk 0:04:14]} 24. Qxb6 {[%clk 0:01:20]} Na6
{[%clk 0:04:08]} 25. Qxa5 {[%clk 0:01:23]} Nc5 {[%clk 0:04:05]} 26. Qb5
{[%clk 0:01:03]} Rb8 {[%clk 0:03:51]} 27. Qe2 {[%clk 0:01:04]} f5
{[%clk 0:03:15]} 28. b4 {[%clk 0:00:57]} Ne4 {[%clk 0:03:19]} 29. h3
{[%clk 0:00:38]} Ra8 {[%clk 0:03:08]} 30. Qd3 {[%clk 0:00:39]} Qf6
{[%clk 0:02:55]} 31. b5 {[%clk 0:00:19]} Qb2 {[%clk 0:02:51]} 32. Rc2
{[%clk 0:00:15]} Qb1+ {[%clk 0:02:55]} 33. Kh2 {[%clk 0:00:18]} Nxf2
{[%clk 0:02:54]} 34. Rc8+ {[%clk 0:00:20]} Rxc8 {[%clk 0:02:50]} 35. Qxb1
{[%clk 0:00:24]} Ne4 {[%clk 0:02:44]} 36. b6 {[%clk 0:00:26]} Rb8
{[%clk 0:02:37]} 37. a4 {[%clk 0:00:27]} Nc3 {[%clk 0:02:24]} 38. Qb3
{[%clk 0:00:30]} Ne4 {[%clk 0:02:25]} 39. a5 {[%clk 0:00:33]} Nc5
{[%clk 0:02:28]} 40. Qb5 {[%clk 0:00:37]} 1-0

[Event "M?R 2020 v rapid ?achu druzstev"]
[Site "Turnov"]
[Date "2020.09.13"]
[Round "1.2"]
[White "Bures MOR_B, Vit"]
[Black "Simacek TUR_A, Pavel"]
[Result "1/2-1/2"]
[BlackElo "2400"]
[WhiteElo "2185"]
[LiveChessVersion "1.4.8"]

1. d4 {[%clk 0:15:09]} Nf6 {[%clk 0:15:08]} 2. c4 {[%clk 0:15:13]} c5
{[%clk 0:15:11]} 3. d5 {[%clk 0:15:18]} e6 {[%clk 0:15:15]} 4. Nc3
{[%clk 0:15:22]} exd5 {[%clk 0:15:19]} 5. cxd5 {[%clk 0:15:26]} d6
{[%clk 0:15:23]} 6. e4 {[%clk 0:15:30]} g6 {[%clk 0:15:27]} 7. f4
{[%clk 0:15:35]} Bg7 {[%clk 0:15:30]} 8. Bb5+ {[%clk 0:15:38]} Nfd7
{[%clk 0:15:25]} 9. Nf3 {[%clk 0:15:42]} a6 {[%clk 0:15:19]} 10. Bd3
{[%clk 0:15:46]} b5 {[%clk 0:15:23]} 11. O-O {[%clk 0:15:45]} O-O
{[%clk 0:15:26]} 12. Kh1 {[%clk 0:15:48]} Nf6 {[%clk 0:14:35]} 13. e5
{[%clk 0:15:18]} dxe5 {[%clk 0:14:13]} 14. fxe5 {[%clk 0:15:21]} Nxd5
{[%clk 0:13:58]} 15. Be4 {[%clk 0:15:11]} Nxc3 {[%clk 0:14:00]} 16. Qxd8
{[%clk 0:15:15]} Rxd8 {[%clk 0:14:03]} 17. Bxa8 {[%clk 0:15:19]} Na4
{[%clk 0:11:47]} 18. Be3 {[%clk 0:12:33]} Nd7 {[%clk 0:11:23]} 19. b3
{[%clk 0:09:33]} Nab6 {[%clk 0:11:23]} 20. Bc6 {[%clk 0:09:09]} Nxe5
{[%clk 0:09:31]} 21. Nxe5 {[%clk 0:08:52]} Bxe5 {[%clk 0:09:34]} 22. Rad1
{[%clk 0:08:48]} Bd4 {[%clk 0:06:25]} 23. Rd2 {[%clk 0:07:35]} Bf5
{[%clk 0:03:52]} 24. Rfd1 {[%clk 0:06:44]} Rc8 {[%clk 0:03:29]} 25. Bxd4
{[%clk 0:02:56]} Rxc6 {[%clk 0:03:20]} 26. Bb2 {[%clk 0:02:48]} Kf8
{[%clk 0:02:34]} 27. Rd6 {[%clk 0:02:46]} Rxd6 {[%clk 0:02:31]} 28. Rxd6
{[%clk 0:02:50]} Nd7 {[%clk 0:02:34]} 29. Rxa6 {[%clk 0:02:48]} b4
{[%clk 0:02:15]} 30. a4 {[%clk 0:01:57]} bxa3 {[%clk 0:01:28]} 31. Bxa3
{[%clk 0:02:00]} Be6 {[%clk 0:01:28]} 32. Ra7 {[%clk 0:01:29]} Ke8
{[%clk 0:01:17]} 33. Rc7 {[%clk 0:00:37]} Bxb3 {[%clk 0:01:12]} 34. Bxc5
{[%clk 0:00:40]} Nxc5 35. Rxc5 {[%clk 0:00:45]} Kf8 {[%clk 0:01:15]} 36. g4
{[%clk 0:00:40]} h6 {[%clk 0:01:03]} 37. Kg2 {[%clk 0:00:41]} g5 {[%clk 0:01:01]}
38. Kg3 {[%clk 0:00:43]} Kg7 {[%clk 0:01:03]} 39. h4 {[%clk 0:00:42]} gxh4+ 40.
Kxh4 {[%clk 0:00:46]} Be6 {[%clk 0:00:58]} 41. Ra5 {[%clk 0:00:38]} Kg6
{[%clk 0:01:01]} 42. Rc5 {[%clk 0:00:41]} 1/2-1/2

[Event "M?R 2020 v rapid ?achu druzstev"]
[Site "Turnov"]
[Date "2020.09.13"]
[Round "1.3"]
[White "Kraus TUR_A, Tomas"]
[Black "Skacelik MOR_B, Petr"]
[Result "1-0"]
[BlackElo "2119"]
[WhiteElo "2391"]
[LiveChessVersion "1.4.8"]

1. c4 {[%clk 0:15:08]} c5 {[%clk 0:15:09]} 2. Nf3 {[%clk 0:15:11]} Nc6
{[%clk 0:15:13]} 3. d4 {[%clk 0:15:10]} cxd4 {[%clk 0:15:17]} 4. Nxd4
{[%clk 0:15:14]} g6 {[%clk 0:15:21]} 5. Nc3 {[%clk 0:14:37]} Bg7 {[%clk 0:15:24]}
6. e3 {[%clk 0:14:41]} Nf6 {[%clk 0:15:23]} 7. Be2 {[%clk 0:14:45]} O-O
{[%clk 0:15:26]} 8. O-O {[%clk 0:14:48]} d6 {[%clk 0:15:31]} 9. b3
{[%clk 0:14:10]} Bd7 {[%clk 0:15:32]} 10. Bb2 {[%clk 0:14:12]} a6
{[%clk 0:15:31]} 11. Qd2 {[%clk 0:12:58]} Rc8 {[%clk 0:15:29]} 12. Rfd1
{[%clk 0:12:36]} Qa5 {[%clk 0:15:28]} 13. Nxc6 {[%clk 0:12:16]} Bxc6
{[%clk 0:15:26]} 14. Nd5 {[%clk 0:11:59]} Qd8 {[%clk 0:15:02]} 15. Nxf6+
{[%clk 0:11:48]} Bxf6 {[%clk 0:15:06]} 16. Bxf6 {[%clk 0:11:50]} exf6
{[%clk 0:15:11]} 17. Qxd6 {[%clk 0:11:53]} Qxd6 {[%clk 0:15:15]} 18. Rxd6
{[%clk 0:11:56]} Kg7 {[%clk 0:15:19]} 19. Rad1 {[%clk 0:11:32]} Rfe8
{[%clk 0:15:23]} 20. b4 {[%clk 0:10:10]} Re7 {[%clk 0:15:22]} 21. Rd8
{[%clk 0:09:44]} Rcc7 {[%clk 0:15:26]} 22. Kf1 {[%clk 0:09:13]} f5
{[%clk 0:15:25]} 23. R1d4 {[%clk 0:08:42]} Bd7 {[%clk 0:14:17]} 24. Ke1
{[%clk 0:08:14]} Be6 {[%clk 0:14:17]} 25. a4 {[%clk 0:08:05]} Rc6
{[%clk 0:14:06]} 26. Rb8 {[%clk 0:07:28]} Rec7 {[%clk 0:14:05]} 27. c5
{[%clk 0:07:16]} Re7 {[%clk 0:14:00]} 28. Bf3 {[%clk 0:07:10]} Rcc7
{[%clk 0:14:05]} 29. a5 {[%clk 0:06:37]} g5 {[%clk 0:13:57]} 30. g3
{[%clk 0:06:29]} Kf6 {[%clk 0:13:04]} 31. Kd2 {[%clk 0:06:09]} Kg6
{[%clk 0:12:30]} 32. Kc3 {[%clk 0:06:01]} h5 {[%clk 0:12:26]} 33. Rg8+
{[%clk 0:05:54]} Kf6 {[%clk 0:12:30]} 34. h4 {[%clk 0:05:31]} g4 {[%clk 0:12:08]}
35. Bg2 {[%clk 0:05:28]} Bd7 {[%clk 0:12:01]} 36. Rg5 {[%clk 0:04:23]} 1-0

[Event "M?R 2020 v rapid ?achu druzstev"]
[Site "Turnov"]
[Date "2020.09.13"]
[Round "1.4"]
[White "Vavra MOR_B, Michal"]
[Black "Studnicka TUR_A, Tomas"]
[Result "0-1"]
[BlackElo "2336"]
[WhiteElo "2030"]
[LiveChessVersion "1.4.8"]

1. Nf3 {[%clk 0:15:08]} c5 {[%clk 0:15:06]} 2. g3 {[%clk 0:14:52]} Nc6
{[%clk 0:15:08]} 3. Bg2 {[%clk 0:14:52]} e5 {[%clk 0:15:12]} 4. d3
{[%clk 0:14:15]} d5 {[%clk 0:15:15]} 5. O-O {[%clk 0:14:05]} Nf6 {[%clk 0:14:44]}
6. Bg5 {[%clk 0:13:24]} Be7 {[%clk 0:14:43]} 7. Nc3 {[%clk 0:12:09]} Be6
{[%clk 0:14:44]} 8. Re1 {[%clk 0:11:14]} d4 {[%clk 0:12:00]} 9. Bxf6
{[%clk 0:10:33]} Bxf6 {[%clk 0:12:00]} 10. Ne4 {[%clk 0:10:31]} Be7
{[%clk 0:12:04]} 11. c3 {[%clk 0:09:46]} O-O {[%clk 0:11:20]} 12. cxd4
{[%clk 0:09:17]} cxd4 {[%clk 0:10:04]} 13. a3 {[%clk 0:07:51]} Bd5
{[%clk 0:09:31]} 14. Ned2 {[%clk 0:07:01]} f6 {[%clk 0:09:16]} 15. Rc1
{[%clk 0:06:50]} Qd7 {[%clk 0:09:14]} 16. Nc4 {[%clk 0:06:14]} b5
{[%clk 0:08:44]} 17. Ncd2 {[%clk 0:05:56]} Rab8 {[%clk 0:07:45]} 18. Nb3
{[%clk 0:05:21]} a5 {[%clk 0:07:37]} 19. Nfd2 {[%clk 0:04:47]} Bxg2
{[%clk 0:07:22]} 20. Kxg2 {[%clk 0:04:51]} Qd5+ {[%clk 0:07:08]} 21. Kg1
{[%clk 0:04:46]} a4 {[%clk 0:06:53]} 22. Na1 {[%clk 0:04:29]} Rfc8
{[%clk 0:06:37]} 23. Nc2 {[%clk 0:04:04]} Na5 {[%clk 0:05:58]} 24. Nb4
{[%clk 0:03:50]} Bxb4 {[%clk 0:05:35]} 25. axb4 {[%clk 0:03:54]} Nc6
{[%clk 0:05:25]} 26. Rc5 {[%clk 0:03:45]} Qd7 {[%clk 0:05:29]} 27. b3
{[%clk 0:03:28]} Nxb4 {[%clk 0:05:27]} 28. Rxc8+ {[%clk 0:03:28]} Rxc8
{[%clk 0:05:31]} 29. bxa4 {[%clk 0:03:30]} bxa4 {[%clk 0:05:36]} 30. Nc4
{[%clk 0:03:29]} Nd5 {[%clk 0:05:33]} 31. Qa1 {[%clk 0:02:26]} h6
{[%clk 0:05:23]} 32. Rb1 {[%clk 0:01:42]} Kh7 {[%clk 0:05:25]} 33. Qa3
{[%clk 0:01:30]} Qg4 {[%clk 0:04:59]} 34. f3 {[%clk 0:01:10]} Qh3
{[%clk 0:04:50]} 35. Qxa4 {[%clk 0:01:05]} Rxc4 {[%clk 0:04:12]} 36. dxc4
{[%clk 0:00:53]} Ne3 {[%clk 0:04:16]} 37. Kf2 {[%clk 0:00:50]} Qg2+
{[%clk 0:04:20]} 38. Ke1 {[%clk 0:00:54]} Qg1+ {[%clk 0:04:14]} 39. Kd2
{[%clk 0:00:57]} Qxb1 {[%clk 0:04:17]} 0-1

[Event "M?R 2020 v rapid ?achu druzstev"]
[Site "Turnov"]
[Date "2020.09.13"]
[Round "1.5"]
[White "Postupa PAN_B, Martin"]
[Black "Pulpan DPP, Jakub"]
[Result "0-1"]
[BlackElo "2493"]
[WhiteElo "1971"]
[LiveChessVersion "1.4.8"]

1. e4 {[%clk 0:15:09]} Nc6 {[%clk 0:14:51]} 2. Nc3 {[%clk 0:15:06]} Nf6
{[%clk 0:14:53]} 3. Nge2 {[%clk 0:14:43]} d5 {[%clk 0:14:44]} 4. exd5
{[%clk 0:14:36]} Nxd5 {[%clk 0:14:48]} 5. d3 {[%clk 0:14:37]} e5 {[%clk 0:14:51]}
6. g3 {[%clk 0:14:16]} Be6 {[%clk 0:14:02]} 7. Bg2 {[%clk 0:14:18]} Bc5
{[%clk 0:14:05]} 8. O-O {[%clk 0:14:04]} O-O {[%clk 0:14:06]} 9. h3
{[%clk 0:14:08]} Qd7 {[%clk 0:13:56]} 10. Kh2 {[%clk 0:14:11]} Rad8
{[%clk 0:13:46]} 11. Ne4 {[%clk 0:14:14]} Be7 {[%clk 0:13:06]} 12. f4
{[%clk 0:13:36]} f5 {[%clk 0:12:35]} 13. N4c3 {[%clk 0:13:37]} exf4
{[%clk 0:11:46]} 14. Nxf4 {[%clk 0:13:36]} Nxf4 {[%clk 0:11:46]} 15. Bxf4
{[%clk 0:13:26]} Bf6 {[%clk 0:10:56]} 16. Qd2 {[%clk 0:13:09]} Ne5
{[%clk 0:10:41]} 17. Rae1 {[%clk 0:12:51]} Ng6 {[%clk 0:10:36]} 18. Bg5
{[%clk 0:12:47]} c6 {[%clk 0:10:33]} 19. Bxf6 {[%clk 0:12:37]} Rxf6
{[%clk 0:10:36]} 20. Rf3 {[%clk 0:11:33]} Rdf8 {[%clk 0:09:59]} 21. b3
{[%clk 0:10:43]} Bd5 {[%clk 0:08:47]} 22. Nxd5 {[%clk 0:10:32]} cxd5
{[%clk 0:08:51]} 23. c4 {[%clk 0:09:13]} d4 {[%clk 0:07:07]} 24. Qa5
{[%clk 0:07:28]} Kh8 {[%clk 0:05:45]} 25. Qxa7 {[%clk 0:06:57]} Ra6
{[%clk 0:05:42]} 26. Qc5 {[%clk 0:06:58]} Rxa2 27. Ref1 {[%clk 0:06:15]} f4
{[%clk 0:04:21]} 28. gxf4 {[%clk 0:06:10]} Rf5 {[%clk 0:04:16]} 29. Qb4
{[%clk 0:05:49]} h5 {[%clk 0:03:22]} 30. R3f2 {[%clk 0:05:40]} Rxf2
{[%clk 0:02:52]} 31. Rxf2 {[%clk 0:05:43]} Rf7 {[%clk 0:01:26]} 32. Bd5
{[%clk 0:05:32]} Nxf4 {[%clk 0:00:54]} 33. Bxf7 {[%clk 0:05:04]} Qxh3+
{[%clk 0:00:57]} 34. Kg1 {[%clk 0:05:03]} Qg3+ {[%clk 0:01:01]} 35. Kf1
{[%clk 0:04:38]} Qxd3+ {[%clk 0:00:43]} 36. Kg1 {[%clk 0:04:00]} Qg3+
{[%clk 0:00:19]} 37. Kf1 {[%clk 0:04:01]} Qxf2+ {[%clk 0:00:08]} 38. Kxf2
{[%clk 0:03:56]} Nd3+ {[%clk 0:00:12]} 39. Kf3 {[%clk 0:03:54]} Nxb4
{[%clk 0:00:16]} 40. Bxh5 {[%clk 0:03:58]} b6 {[%clk 0:00:07]} 41. Bg6
{[%clk 0:03:52]} Na6 {[%clk 0:00:08]} 42. Kf4 {[%clk 0:03:44]} Nc5
{[%clk 0:00:08]} 43. b4 {[%clk 0:03:37]} Na6 {[%clk 0:00:12]} 44. b5
{[%clk 0:03:33]} Nc5 {[%clk 0:00:15]} 45. Ke5 {[%clk 0:02:58]} d3
{[%clk 0:00:19]} 46. Bh5 {[%clk 0:02:55]} g5 {[%clk 0:00:11]} 47. Kd6
{[%clk 0:02:58]} Ne4+ {[%clk 0:00:10]} 48. Kc6 {[%clk 0:02:55]} Nf6
{[%clk 0:00:14]} 49. Bd1 {[%clk 0:02:49]} g4 {[%clk 0:00:18]} 50. Kxb6
{[%clk 0:02:52]} g3 {[%clk 0:00:22]} 51. Bf3 {[%clk 0:02:54]} d2 {[%clk 0:00:27]}
52. Kc7 {[%clk 0:02:48]} g2 {[%clk 0:00:31]} 53. b6 {[%clk 0:02:51]} g1=Q
{[%clk 0:00:33]} 54. b7 {[%clk 0:02:54]} Qc5+ {[%clk 0:00:36]} 55. Bc6
{[%clk 0:02:47]} Qe5+ {[%clk 0:00:37]} 56. Kc8 {[%clk 0:02:46]} d1=Q
{[%clk 0:00:40]} 57. b8=Q {[%clk 0:02:44]} Qd8+ {[%clk 0:00:40]} 0-1

[Event "M?R 2020 v rapid ?achu druzstev"]
[Site "Turnov"]
[Date "2020.09.13"]
[Round "1.6"]
[White "Kourousis DPP, Epameinondas"]
[Black "Melich PAN_B, Jindrich"]
[Result "1-0"]
[BlackElo "1938"]
[WhiteElo "2418"]
[LiveChessVersion "1.4.8"]

1. d4 {[%clk 0:15:04]} c5 {[%clk 0:15:07]} 2. d5 {[%clk 0:15:07]} e5
{[%clk 0:15:11]} 3. e4 {[%clk 0:15:11]} d6 {[%clk 0:15:15]} 4. Bb5+
{[%clk 0:15:05]} Nd7 {[%clk 0:15:19]} 5. a4 {[%clk 0:15:08]} Be7 {[%clk 0:15:20]}
6. Nf3 {[%clk 0:15:04]} a6 {[%clk 0:15:22]} 7. Bd3 {[%clk 0:14:50]} Ngf6
{[%clk 0:15:24]} 8. Nc3 {[%clk 0:14:19]} O-O {[%clk 0:15:25]} 9. O-O
{[%clk 0:14:21]} Rb8 {[%clk 0:15:13]} 10. Re1 {[%clk 0:13:50]} Nb6
{[%clk 0:15:06]} 11. h3 {[%clk 0:13:28]} Bd7 {[%clk 0:15:05]} 12. Be3
{[%clk 0:12:30]} Ne8 {[%clk 0:13:28]} 13. Nd2 {[%clk 0:12:23]} Bg5
{[%clk 0:13:13]} 14. Qb1 {[%clk 0:09:19]} Bxe3 {[%clk 0:12:49]} 15. Rxe3
{[%clk 0:09:23]} g6 {[%clk 0:12:36]} 16. b4 {[%clk 0:09:06]} cxb4
{[%clk 0:09:50]} 17. Qxb4 {[%clk 0:09:06]} Na8 {[%clk 0:09:53]} 18. Nc4
{[%clk 0:07:38]} Qc7 {[%clk 0:09:25]} 19. Rf1 {[%clk 0:05:53]} f5
{[%clk 0:09:18]} 20. f4 {[%clk 0:05:08]} b5 {[%clk 0:05:06]} 21. axb5
{[%clk 0:05:11]} axb5 {[%clk 0:05:08]} 22. Nd2 {[%clk 0:02:35]} Qb6
{[%clk 0:04:02]} 23. Nd1 {[%clk 0:02:37]} fxe4 {[%clk 0:04:02]} 24. fxe5
{[%clk 0:00:46]} exd3 {[%clk 0:03:49]} 25. Rxf8+ {[%clk 0:00:50]} Kxf8
{[%clk 0:03:53]} 26. cxd3 {[%clk 0:00:29]} Kg8 {[%clk 0:03:15]} 27. e6
{[%clk 0:00:29]} Bxe6 {[%clk 0:02:50]} 28. dxe6 {[%clk 0:00:29]} Qc5
{[%clk 0:02:31]} 29. Qf4 {[%clk 0:00:22]} Qf5 {[%clk 0:02:24]} 30. Qd4
{[%clk 0:00:16]} Nac7 {[%clk 0:02:23]} 31. e7 {[%clk 0:00:11]} Qc5
{[%clk 0:02:04]} 32. Qf4 {[%clk 0:00:07]} Ng7 {[%clk 0:01:54]} 33. Ne4
{[%clk 0:00:08]} Qe5 {[%clk 0:01:51]} 34. Nf6+ {[%clk 0:00:12]} Kh8
{[%clk 0:01:49]} 35. Rxe5 {[%clk 0:00:15]} dxe5 {[%clk 0:01:53]} 36. Qxe5
{[%clk 0:00:19]} 1-0

[Event "M?R 2020 v rapid ?achu druzstev"]
[Site "Turnov"]
[Date "2020.09.13"]
[Round "1.7"]
[White "Petr PAN_B, Jan"]
[Black "Burdalev DPP, Kirill"]
[Result "0-1"]
[BlackElo "2299"]
[WhiteElo "2085"]
[LiveChessVersion "1.4.8"]

1. e4 {[%clk 0:15:07]} Nf6 {[%clk 0:15:09]} 2. e5 {[%clk 0:15:08]} Nd5
{[%clk 0:15:12]} 3. d4 {[%clk 0:15:10]} d6 {[%clk 0:15:16]} 4. Nf3
{[%clk 0:15:12]} dxe5 {[%clk 0:15:19]} 5. dxe5 {[%clk 0:15:07]} Bg4
{[%clk 0:14:59]} 6. h3 {[%clk 0:14:59]} Bh5 {[%clk 0:14:57]} 7. Be2
{[%clk 0:14:43]} Nc6 {[%clk 0:14:43]} 8. a3 {[%clk 0:14:31]} e6 {[%clk 0:14:36]}
9. O-O {[%clk 0:14:27]} Be7 {[%clk 0:13:58]} 10. Re1 {[%clk 0:13:26]} O-O
{[%clk 0:13:44]} 11. b4 {[%clk 0:13:18]} Nb6 {[%clk 0:13:14]} 12. g4
{[%clk 0:12:22]} Bg6 {[%clk 0:13:18]} 13. Bd3 {[%clk 0:11:23]} Bxd3
{[%clk 0:13:13]} 14. cxd3 {[%clk 0:11:20]} a5 {[%clk 0:13:12]} 15. b5
{[%clk 0:10:11]} Nd4 {[%clk 0:13:16]} 16. Bb2 {[%clk 0:10:13]} Nxb5
{[%clk 0:13:18]} 17. Qb3 {[%clk 0:10:13]} Qd5 {[%clk 0:13:22]} 18. Nbd2
{[%clk 0:09:09]} Qxb3 {[%clk 0:13:19]} 19. Nxb3 {[%clk 0:09:12]} a4
{[%clk 0:13:23]} 20. Nbd4 {[%clk 0:08:57]} Nxd4 {[%clk 0:13:26]} 21. Nxd4
{[%clk 0:09:00]} Rfd8 {[%clk 0:13:28]} 22. Kg2 {[%clk 0:07:25]} c5
{[%clk 0:13:31]} 23. Nb5 {[%clk 0:06:37]} Rxd3 {[%clk 0:13:35]} 24. Rab1
{[%clk 0:06:33]} Nc4 {[%clk 0:13:23]} 25. Nd6 {[%clk 0:06:08]} Bxd6
{[%clk 0:12:24]} 26. exd6 {[%clk 0:06:12]} Rxd6 {[%clk 0:12:21]} 27. Bc1
{[%clk 0:05:43]} b6 {[%clk 0:12:12]} 28. Re4 {[%clk 0:05:19]} Rd4
{[%clk 0:12:05]} 29. Kf3 {[%clk 0:05:19]} Rad8 {[%clk 0:11:12]} 30. Be3
{[%clk 0:05:22]} Rxe4 {[%clk 0:11:00]} 31. Kxe4 {[%clk 0:05:25]} f6
{[%clk 0:10:49]} 0-1

[Event "M?R 2020 v rapid ?achu druzstev"]
[Site "Turnov"]
[Date "2020.09.13"]
[Round "1.8"]
[White "Pribyl DPP, Josef"]
[Black "Krouzel PAN_B, Jaroslav"]
[Result "1-0"]
[BlackElo "2073"]
[WhiteElo "2256"]
[LiveChessVersion "1.4.8"]

1. e4 {[%clk 0:15:09]} e6 {[%clk 0:15:08]} 2. d3 {[%clk 0:15:10]} d5
{[%clk 0:15:11]} 3. Nd2 {[%clk 0:15:14]} Nf6 {[%clk 0:15:15]} 4. Ngf3
{[%clk 0:15:17]} g6 {[%clk 0:15:19]} 5. e5 {[%clk 0:15:01]} Nfd7 {[%clk 0:15:16]}
6. h4 {[%clk 0:15:03]} Bg7 {[%clk 0:15:17]} 7. d4 {[%clk 0:15:07]} c5
{[%clk 0:15:04]} 8. c3 {[%clk 0:15:10]} Nc6 {[%clk 0:14:58]} 9. h5
{[%clk 0:15:13]} Qb6 {[%clk 0:14:08]} 10. Nb3 {[%clk 0:15:16]} cxd4
{[%clk 0:13:09]} 11. cxd4 {[%clk 0:15:19]} a5 {[%clk 0:13:12]} 12. a4
{[%clk 0:14:48]} Nb4 {[%clk 0:12:34]} 13. Bb5 {[%clk 0:14:11]} Qc7
{[%clk 0:11:48]} 14. Kf1 {[%clk 0:13:16]} Qc2 {[%clk 0:10:53]} 15. Be3
{[%clk 0:12:16]} O-O {[%clk 0:09:58]} 16. hxg6 {[%clk 0:09:54]} hxg6
{[%clk 0:09:35]} 17. Ng5 {[%clk 0:09:25]} Qxd1+ {[%clk 0:08:28]} 18. Rxd1
{[%clk 0:09:29]} Rd8 {[%clk 0:06:50]} 19. Nh7 {[%clk 0:09:09]} Nf8
{[%clk 0:06:30]} 20. Bg5 {[%clk 0:09:05]} Rd7 {[%clk 0:03:51]} 21. Nf6+
{[%clk 0:08:48]} Bxf6 {[%clk 0:03:48]} 22. Bxf6 {[%clk 0:08:47]} Nh7
{[%clk 0:03:51]} 23. Ke2 {[%clk 0:07:42]} Nxf6 {[%clk 0:01:45]} 24. exf6
{[%clk 0:07:44]} 1-0

[Event "M?R 2020 v rapid ?achu druzstev"]
[Site "Turnov"]
[Date "2020.09.13"]
[Round "2.1"]
[White "Sokolov PAN_A, Alexander"]
[Black "Vykouk TUR_A, Jan"]
[Result "1/2-1/2"]
[BlackElo "2444"]
[WhiteElo "2414"]
[LiveChessVersion "1.4.8"]

1. e4 {[%clk 0:15:07]} c5 {[%clk 0:15:09]} 2. Nf3 {[%clk 0:15:09]} d6
{[%clk 0:15:11]} 3. d4 {[%clk 0:15:12]} cxd4 {[%clk 0:15:14]} 4. Nxd4
{[%clk 0:15:15]} Nf6 {[%clk 0:15:18]} 5. Nc3 {[%clk 0:15:19]} a6 {[%clk 0:15:22]}
6. Bc4 {[%clk 0:15:18]} e6 {[%clk 0:15:25]} 7. Bb3 {[%clk 0:15:21]} Nbd7
{[%clk 0:15:29]} 8. Bg5 {[%clk 0:15:19]} Nc5 {[%clk 0:15:29]} 9. Qf3
{[%clk 0:15:23]} h6 {[%clk 0:15:11]} 10. Bxf6 {[%clk 0:15:22]} Qxf6
{[%clk 0:15:10]} 11. Qxf6 {[%clk 0:15:04]} gxf6 {[%clk 0:15:13]} 12. a4
{[%clk 0:14:36]} Nxb3 {[%clk 0:15:11]} 13. Nxb3 {[%clk 0:14:36]} b6
{[%clk 0:15:05]} 14. Nd2 {[%clk 0:14:09]} Rb8 {[%clk 0:13:56]} 15. Nc4
{[%clk 0:13:53]} b5 {[%clk 0:13:21]} 16. axb5 {[%clk 0:13:28]} axb5
{[%clk 0:13:25]} 17. Ne3 {[%clk 0:13:08]} b4 {[%clk 0:12:46]} 18. Ne2
{[%clk 0:12:43]} Bb7 {[%clk 0:12:31]} 19. Ng3 {[%clk 0:12:03]} h5
{[%clk 0:11:39]} 20. h4 {[%clk 0:11:43]} f5 {[%clk 0:11:43]} 21. exf5
{[%clk 0:11:12]} Bc6 {[%clk 0:11:36]} 22. fxe6 {[%clk 0:09:44]} fxe6
{[%clk 0:11:39]} 23. Ra7 {[%clk 0:08:40]} Ra8 {[%clk 0:10:31]} 24. Rc7
{[%clk 0:08:14]} Ra1+ {[%clk 0:10:02]} 25. Kd2 {[%clk 0:08:13]} Rxh1
{[%clk 0:10:04]} 26. Nxh1 {[%clk 0:08:16]} Bd7 {[%clk 0:10:06]} 27. Ng3
{[%clk 0:05:52]} d5 {[%clk 0:09:57]} 28. Ne2 {[%clk 0:05:53]} Bd6
{[%clk 0:09:50]} 29. Ra7 {[%clk 0:05:50]} Ke7 {[%clk 0:09:11]} 30. g3
{[%clk 0:05:34]} Rf8 {[%clk 0:09:01]} 31. Ke1 {[%clk 0:04:01]} Bc5
{[%clk 0:08:47]} 32. Ra5 {[%clk 0:03:48]} Bb6 {[%clk 0:06:48]} 33. Ra6
{[%clk 0:03:40]} Bxe3 {[%clk 0:05:48]} 34. fxe3 {[%clk 0:03:43]} Rf3
{[%clk 0:05:52]} 35. Rb6 {[%clk 0:02:42]} Rxe3 {[%clk 0:05:39]} 36. Rxb4
{[%clk 0:02:45]} e5 {[%clk 0:05:43]} 37. Kf2 {[%clk 0:02:28]} d4 {[%clk 0:05:47]}
38. Rb6 {[%clk 0:01:33]} Bf5 {[%clk 0:04:40]} 39. Rc6 {[%clk 0:00:55]} Kd7
{[%clk 0:03:17]} 40. Rc4 {[%clk 0:00:55]} Ke6 {[%clk 0:02:59]} 41. b4
{[%clk 0:00:31]} Bg4 {[%clk 0:02:51]} 42. Ng1 {[%clk 0:00:23]} Kd5
{[%clk 0:02:50]} 43. Rc5+ {[%clk 0:00:22]} Kd6 {[%clk 0:02:53]} 44. Rc4
{[%clk 0:00:22]} Ra3 {[%clk 0:02:14]} 45. b5 {[%clk 0:00:16]} Ra5
{[%clk 0:02:05]} 46. Rb4 {[%clk 0:00:13]} Kc5 {[%clk 0:02:05]} 47. Rb2
{[%clk 0:00:07]} Rxb5 {[%clk 0:02:09]} 48. Rxb5+ {[%clk 0:00:11]} Kxb5
{[%clk 0:02:13]} 49. Nf3 {[%clk 0:00:15]} Bf5 {[%clk 0:00:52]} 50. Nxe5
{[%clk 0:00:18]} Bxc2 {[%clk 0:00:56]} 51. g4 {[%clk 0:00:22]} 1/2-1/2